La iglesia del Renacimiento y de la Reforma / (Record no. 118635)
[ view plain ]
| 000 -LEADER | |
|---|---|
| campo de control de longitud fija | 00885nam a2200229 4500 |
| 001 - NÚMERO DE CONTROL | |
| campo de control | 118635 |
| 003 - IDENTIFICADOR DE NÚMERO DE CONTROL | |
| campo de control | ES-MaACL |
| 005 - FECHA Y HORA DE LA ÚLTIMA TRANSACCIÓN | |
| campo de control | 20250817115634.0 |
| 007 - CAMPO FIJO DE DESCRIPCIÓN FÍSICA--INFORMACIÓN GENERAL | |
| campo de control de longitud fija | t| |
| 008 - DATOS DE LONGITUD FIJA--INFORMACIÓN GENERAL | |
| campo de control de longitud fija | 070214s1957 sp r ||||1| spa d |
| 100 0# - ENTRADA PRINCIPAL--NOMBRE DE PERSONA | |
| Nombre de persona | Daniel-Rops. |
| 9 (RLIN) | 42631 |
| 245 13 - MENCIÓN DEL TÍTULO | |
| Título | La iglesia del Renacimiento y de la Reforma / |
| Mención de responsabilidad, etc. | Daniel-Rops [seud] ; versión de Francisco José Alcántara. |
| 250 ## - MENCION DE EDICION | |
| Mención de edición | 1ª. ed. |
| 260 ## - PUBLICACIÓN, DISTRIBUCIÓN, ETC. | |
| Lugar de publicación, distribución, etc. | Barcelona : |
| Nombre del editor, distribuidor, etc. | Luis Caralt, |
| Fecha de publicación, distribución, etc. | 1957. |
| 300 ## - DESCRIPCIÓN FÍSICA | |
| Extensión | 2 v. ; |
| Dimensiones | 22 cm. |
| 505 8# - NOTA DE CONTENIDO CON FORMATO | |
| Nota de contenido con formato | Contiene: Vol. I. Una revolución religiosa : la reforma protestante. Vol. II. Una era de renovación : la reforma católica |
| 700 1# - ENTRADA AGREGADA--NOMBRE PERSONAL | |
| Nombre de persona | Alcántara, Francisco José, |
| Fechas asociadas al nombre | 1922-1999 |
| 9 (RLIN) | 19493 |
| 740 0# - ENTRADA AGREGADA--TÍTULO RELACIONADO/ANALÍTICO NO CONTROLADO | |
| Título relacionado o analítico no controlado | Una revolución religiosa : la reforma protestante. |
| 740 0# - ENTRADA AGREGADA--TÍTULO RELACIONADO/ANALÍTICO NO CONTROLADO | |
| Título relacionado o analítico no controlado | Una era de renovación : la reforma católica. |
| 852 ## - LOCALIZACIÓN | |
| Ubicación | ES-MaACL |
| Número de control de estantería | C-12252-3 |
| Sublocalización o colección | R.40193 |
| Estatus retirado | Estado de pérdida | Estado de daño | No para préstamo | Biblioteca de origen | Biblioteca actual | Ubicación en estantería | Fecha de adquisición | Fuente de adquisición | Total de préstamos | Signatura topográfica completa | Código de barras | Visto por última vez | Precio de reemplazo | Tipo de ítem Koha |
|---|---|---|---|---|---|---|---|---|---|---|---|---|---|---|
| Biblioteca del Ateneo de Madrid | Biblioteca del Ateneo de Madrid | Sala Palomar | 17/01/2008 | C-12252-3 | 1123674 | 23/02/2023 | 23/02/2023 | Libro impreso |
